000 00973nam a22003137a 4500
003 CHAP
005 20220329133223.0
008 971013s1987 r 00010 d
010 _a3552
011 _a4524
035 _a3728
040 _cCHAP
090 _aFolleto 12804
110 _aMéxico. Subsecretaría de Desarrollo y Fomento Agropecuario y Forestal
_977248
245 _aManejo de bancos de germoplasma forestal
260 _aMéxico, D. F. :
_bLa Subsecretaría,
_c1987
300 _a17 p.
_b; ilus
500 _aD50-122
590 _aBATCH-UPD
_b10
_c20130110
_lUCH01
_h0922
590 _aBATCH-UPD
_b10
_c20130410
_lUCH01
_h0544
590 _aBATCH-UPD
_b10
_c20130914
_lUCH01
_h1536
590 _aCONVERSION
_b10
_c20130109
_lUCH01
_h1303
650 1 4 _aGenética forestal.
_947489
650 1 4 _aGermoplasma.
_947766
650 1 4 _aSemillas forestales.
_9103935
901 _aBK
942 _cFOLL
949 _aFolleto 12804
_bBC
_cFOLL
_d-13253
_eTS1
_i3728
_mD
_si
999 _c3552
_d3552